000 00687nam a22002177i 4500
003 URS
336 _atext
_btxt
_2rdacontent
337 _aunmediated
_bn
_2rdamedia
338 _avolume
_bnc
_2rdacarrier
999 _c8697
_d8697
005 20220114153456.0
008 190119b ||||| |||| 00| 0 eng d
020 _a9789719676218
040 _beng
_erda
_cURS Pililla Library
082 0 0 _a613.7
_bP49 2015
100 1 _aCalicdan, Antonio V.
_eAuthor
245 1 0 _aPhysical Education 1
_bPhysical Fitness and Gymnastics
_cAntonio V. Calicdan
264 1 _aMalabon City
_bJimczyville Publications
_c2015.
300 _aiv, 98 pages:
_billustration;
_c25 cm.
500 _aincludes references
942 _2ddc
_cF